LDR 01146naa#a2200193#i#450# 001 RU\\bibl\121211 005 20260513004812.3 011 ## _a2409-1073 100 ## _a20141225b2014####ek#y0rusy0150####ca 101 0# _aRUS 102 ## _aRU 200 1# _aО взаимосвязи качеств персонала с видами деятельности на наукоемких предприятиях _eЖурнальная статья 210 1# _aМосква _cФедеральное государственное автономное образовательное учреждение высшего образования Национальный исследовательский университет "Московский институт электронной техники" _d2014 215 ## _a5 с. 608 ## _aЖурнальная статья _2local 675 ## _aУправление предприятиями. Организация и техника торговли. 658 _zRUS 700 #1 _aАртамонова _gАнастасия Олеговна 700 #1 _aТимофеев _gИван Петрович 856 4# _aesgi-journal.ru _u